International Rugby - Most Dropped Goals - Statistics

General Stats
  • This quiz has been taken 61 times
  • The average score is 4 of 9
Answer Stats
Dropped Goals Country Player % Correct
36 England/Lions Jonny Wilkinson
96%
28 Argentina Hugo Porta
69%
15 Ireland/Lions Ronan O'Gara
65%
23 England/Lions Rob Andrew
55%
18 South Africa Naas Botha
49%
20 Argentina/Italy Diego Dominguez
38%
15 France Jean-Pierre Lescarboura
11%
17 Scotland Dan Parks
9%
17 Italy Stefano Bettarello
2%
No matching quizzes found
Score Distribution
Percent of People with Each Score
Percentile by Number Answered
Your Score History
You have not taken this quiz